Impact cratering : (Record no. 6387)

MARC details
000 -LEADER
fixed length control field 01232nac a22003251i 4500
003 - CONTROL NUMBER IDENTIFIER
control field EG-ScBUE
005 - DATE AND TIME OF LATEST TRANSACTION
control field 20260419114808.0
008 - FIXED-LENGTH DATA ELEMENTS--GENERAL INFORMATION
fixed length control field 090705t1989 nyua f b 001 0 eng d
020 ## - INTERNATIONAL STANDARD BOOK NUMBER
International Standard Book Number 9780195104639
020 ## - INTERNATIONAL STANDARD BOOK NUMBER
International Standard Book Number 0195104633
040 ## - CATALOGING SOURCE
Original cataloging agency EG-ScBUE
Language of cataloging eng
Description conventions rda
Transcribing agency EG-ScBUE
Modifying agency EG-ScBUE
082 04 - DEWEY DECIMAL CLASSIFICATION NUMBER
Classification number 551.44
Item number MEL
Edition number 22
100 1# - MAIN ENTRY--PERSONAL NAME
Personal name Melosh, H. J.,
Relator term author.
9 (RLIN) 7509
245 10 - TITLE STATEMENT
Title Impact cratering :
Remainder of title a geologic process /
Statement of responsibility, etc H. J. Melosh.
264 #1 - PUBLICATION, DISTRIBUTION, ETC. (IMPRINT)
Place of publication, distribution, etc New York :
Name of publisher, distributor, etc Oxford University Press ;
Place of publication, distribution, etc Oxford :
Name of publisher, distributor, etc Clarendon Press,
Date of publication, distribution, etc [1989]
264 #4 - PUBLICATION, DISTRIBUTION, ETC. (IMPRINT)
Date of publication, distribution, etc c1989
300 ## - PHYSICAL DESCRIPTION
Extent vii, 245 pages :
Other physical details illustrations ;
Dimensions 27 cm.
336 ## - CONTENT TYPE
Source rdacontent
Content type term text
Content type code txt
337 ## - MEDIA TYPE
Media type term unmediated
Source rdamedia
Media type code n
338 ## - CARRIER TYPE
Carrier type term volume
Carrier type code nc
Source rdacarrier
490 0# - SERIES STATEMENT
Series statement Oxford monograohs on geology and geophysics ;
Volume number/sequential designation 11
504 ## - BIBLIOGRAPHY, ETC. NOTE
Bibliography, etc Includes bibliographical references and index.
650 #7 - SUBJECT ADDED ENTRY--TOPICAL TERM
Topical term or geographic name as entry element Cratering.
Source of heading or term BUEsh
9 (RLIN) 7511
650 #7 - SUBJECT ADDED ENTRY--TOPICAL TERM
Topical term or geographic name as entry element Planets
General subdivision Geology.
Source of heading or term BUEsh
9 (RLIN) 7512
650 #7 - SUBJECT ADDED ENTRY--TOPICAL TERM
Topical term or geographic name as entry element Impact.
Source of heading or term BUEsh
9 (RLIN) 7513
655 ## - INDEX TERM--GENRE/FORM
Form subdivision Reading book
856 42 - ELECTRONIC LOCATION AND ACCESS
Materials specified Publisher description
Uniform Resource Identifier <a href="http://www.loc.gov/catdir/enhancements/fy0638/88005353-d.html">http://www.loc.gov/catdir/enhancements/fy0638/88005353-d.html</a>
856 42 - ELECTRONIC LOCATION AND ACCESS
Materials specified Table of contents only
Uniform Resource Identifier <a href="http://www.loc.gov/catdir/enhancements/fy0638/88005353-t.html">http://www.loc.gov/catdir/enhancements/fy0638/88005353-t.html</a>
942 ## - ADDED ENTRY ELEMENTS (KOHA)
Koha item type Book - Borrowing
Source of classification or shelving scheme Dewey Decimal Classification
Holdings
Withdrawn status Lost status Source of classification or shelving scheme Damaged status Not for loan Collection code Home library Current library Shelving location Date acquired Source of acquisition Total Checkouts Full call number Barcode Date last seen Price effective from Koha item type Cost, normal purchase price Serial Enumeration / chronology
    Dewey Decimal Classification     Alahram Central Library Central Library First floor 22/11/2007     551.44 MEL 000007887 15/07/2025 22/11/2007 Book - Borrowing    
    Dewey Decimal Classification     Alahram Central Library Central Library First floor 05/07/2009     551.44 MEL 000017328 15/07/2025 05/07/2009 Book - Borrowing 198.00 72